| 000 | 00671nam a22002291 4500 | ||
|---|---|---|---|
| 001 | 20945 | ||
| 003 | CZ PrNK | ||
| 005 | 20260207111546.0 | ||
| 008 | 011223s1950 xo ||| | slo | ||
| 040 |
_aABA001 _bcze _cABA001 _dABA001 |
||
| 041 | 1 |
_aslo _heng |
|
| 100 | 1 |
_aHellman, Lillian, _d1905-1984 _4aut |
|
| 245 | 1 | 0 |
_aMalé líšky : _bhra v 3 dejstvách / _cLilian Hellman ; preložili Vladimír Vendyš a František Oktavec |
| 250 | _a1. vyd. | ||
| 260 |
_aTurč. Sv. Martin : _bMatica slovenská, _c1950 |
||
| 300 |
_a121 s. ; _c8° |
||
| 490 | 1 |
_aJavisko ; _vsv. 28 |
|
| 765 | 0 | _tLittle foxes | |
| 830 | 0 | _aJavisko | |
| 910 | _aABA001 | ||
| 942 |
_2ddc _cKLDO _n0 |
||
| 999 |
_c20945 _d20945 |
||